000
nam a22 7a 4500
999
_c
50124
_d
50124
003
OSt
005
20200619101434.0
008
200619b xxu||||| |||| 00| 0 eng d
040
_c
IIMT UNIVERSITY
100
_a
TANEJA PANKAJ
245
_a
KAYA CHIKITSA VOL-IV
942
_2
ddc
_c
01